The perilous road (Record no. 36147)

MARC details
000 -LEADER
fixed length control field 00544nam a2200181Ia 4500
020 ## - INTERNATIONAL STANDARD BOOK NUMBER
ISBN 0152606475
050 ## - CALL MARK
Classification number PZ 7 .S74/
100 ## - STATEMENT OF RESPONSIBILITY--MAIN AUTHOR NAME
Personal name Steele, William O.
245 #4 - TITLE STATEMENT
Title The perilous road
260 ## - PUBLICATION, DISTRIBUTION, ETC. (IMPRINT)
Place of publication Orlando
260 ## - PUBLICATION, DISTRIBUTION, ETC. (IMPRINT)
Name of publisher Harcourt
260 ## - PUBLICATION, DISTRIBUTION, ETC. (IMPRINT)
Year of publication 1990
300 ## - PHYSICAL DESCRIPTION
Number of Pages 156 p
650 ## - SUBJECT ADDED ENTRY--TOPICAL TERM
Topical Term Prejudices--Fiction. War--Fiction. United States--History--Civil War, 1861-1865--Juvenile fiction. United States--History--Civil War, 1861-1865--Fiction.
942 ## - ADDED ENTRY ELEMENTS (KOHA)
Koha item type Books
Holdings
Withdrawn status Lost status Source of classification or shelving scheme Damaged status Not for loan Permanent Location Current Location Date acquired Accession Number Price effective from Koha item type
    Library of Congress Classification     NILE UNIVERSITY OF NIGERIA - MAIN LIBRARY NILE UNIVERSITY OF NIGERIA - MAIN LIBRARY 04/23/2025 0195246 04/23/2025 Books